000 00648nam a2200229Ia 4500
003 OSt
005 20220923221652.0
006 a|||||r|||| 00| 0
007 ta
008 220922b |||||||| |||| 00| 0 hin d
024 _a199,220
037 _cTextual
040 _aARTS
_cARTS
_bhin
041 _2hin
_ahin
082 _aP44vN, 152L3
100 _aभाटिया, कैलाशचन्द्र
245 0 _aभाषा भूगोल
246 _aBhāṣhā bhūgola
260 _c1973
942 _hP44vN, 152L3
_cTEXL
_2CC
999 _c350995
_d350995